Supernatural - Statistiques

Statistiques générales
  • Ce quiz a été pris 812 fois
  • Le résultat moyen est 12 sur 15
Statistiques - réponses
Question Réponse % Correct
Qui est le père adoptif des frères winchester ? Bobby
97%
De quelle couleur ai l'Impala de Dean ? noire
97%
Qui été la fiancée de Sam à l'université Jessica
96%
Qui est la sorcière la plus puissante sur terre ? Rowena
90%
Quel est le prénom de Crowley ? Fergus
89%
Quel est le nom du fils de Lucifer Jack
88%
Quel démon à couché avec Sam ? Ruby
85%
Avec qui Dean reste-il quand il est un démon ? Crowley
77%
Qui réussit à faire chuté les anges? Métatron
77%
Quel est la première créature que les frères winchester aient combattu dans l'épisode 1 de la saison 1 ? un wendigo
77%
De quelle divinité Dean tombe-t-il amoureux ? Amara
76%
Où Charlie suit-elle Dorothée ? à Oz
75%
Quelle faucheuse à remplacé la mort ? Billie
66%
Qui Jack prend-t-il comme père adoptif et exemple ? Castiel
65%
Quel arcange a été torturé par Asmodeus Gabriel
63%
Aucun quiz correspondant
Distribution des résultats
% des personnes avec chaque résultat
Percentile par nombre de réponses
Votre historique - résultats
Vous n’avez pas pris ce quiz